Quizzes
Events
Quiz Creation
Community
Videos
Private Events
Remove Ads
Sign In
Join for FREE
Feedback
Dark Mode
Quiz Categories
Sports
Geography
Music
Movies
Television
Just For Fun
Miscellaneous
History
Literature
Language
Science
Gaming
Entertainment
Religion
Holiday
For Kids
Quiz Lab
Recent
Popular Today
Quiz Kudos Today
Editor Picks
Curator Picks
Quizzes by...
Day
Popularity
Type
Ratings
Length
Year
Community
Subscriptions
Recent Discussions
Orange Saloon
Badges
Playlists
Quests
Create
Leaderboards
Showdown
Live 5
Trivia Bingo
Activity
Puzzle Library
Sporcle Events
Private Events
Virtual Trivia
Globe League
Become a Host
Pub Owners
SporcleCon
Opinionation
Our Games
Videos
Blog
Mobile Apps
Partnerships
Remove Ads and Go Orange
Feedback
Gaming
Video Games
Board Games
Card Games
Pokémon
Mario
Nintendo
Minecraft
Console
Toys
Legend of Zelda
Gaming
Video Games
Board Games
Card Games
Pokémon
Mario
Nintendo
Minecraft
Console
Toys
Legend of Zelda
Random Quiz
Search Sporcle
×
Quiz Lab
Quiz Lab
Gaming
Pokémon
Type in answers that appear in a list
Type in answers that appear in a list
Classic
Best Score? Go Orange.
Pokemon Moves -- Is It a TM? (Gen. 5) Stats
Can you name the pokemon attacks that are TMs in Gen V??
By
theredradish
5m
30 Questions
296 Plays
296 Plays
296 Plays
Comments
Comments
Give Quiz Kudos
Give Quiz Kudos
-
- Ratings
hide this ad
More Info
Forced Order
Answers have to be entered in order
Answers have to be entered in order
Wrong Answers
Some wrong answers will appear in red
Some wrong answers will appear in red
Replay
Link that replays current quiz
Next Quiz
Link to next quiz in quiz playlist
You Got
0%
They Got
Avg Score
71%
Avg Friend Score
Upgrade to see
Score Distribution
Jump to the score distribution portion of the page
Score
0/30
Timer
05:00
0
Plays Today
Attack
Write Yes or No
% Correct
Hone Claws
???
92.2%
Brave Bird
???
89.9%
Fling
???
88.9%
Mirror Coat
???
87.8%
Wild Charge
???
85.8%
Sky Drop
???
85.5%
Ice Punch
???
81.4%
Will-
O-
Wisp
???
80.7%
Close Combat
???
80.4%
Psyshock
???
79.4%
Frost Breath
???
79.1%
Flame Burst
???
78.7%
Torment
???
76.7%
Snarl
???
76.4%
Zen Headbutt
???
76%
Attack
Write Yes or No
% Correct
Fury Cutter
???
74.7%
Echoed Voice
???
73.3%
Embargo
???
72.3%
Quash
???
68.6%
Wide Guard
???
66.9%
Dream Eater
???
62.5%
Drain Punch
???
59.5%
Ally Switch
???
55.1%
Secret Power
???
54.7%
Shock Wave
???
54.7%
Giga Drain
???
54.1%
Telekinesis
???
53.4%
Steel Wing
???
47.6%
Focus Punch
???
47%
Roost
???
38.9%
Quiz Playlist
Details
Report
Send in Message
Add To Playlist
More Info:
Gen. V TMs only! Does Gen. V feel overwhelming? Well, try the Gen. I quiz at http://www.sporcle.com/games/theredradish/tmgen1
Classic:
Type in answers that appear in a list
Forced Order:
Answers have to be entered in order
Wrong Answers:
Some wrong answers will appear in red
Quiz Source
Last Updated: Feb 16, 2017
Quiz Scoreboard
CHALLENGE
Sign Up to Join the Scoreboard
Show All
Scores
Hide
Comments
May contain spoilers
Recently Published
TV Characters by Other Roles V
by ghcgh
Television
5m
Decade Duel: World Leaders
by jenniferyan
History
4m
Alphabetical 'K' Countries by Flag Minefield
by ylime102
Geography
3m
More to Explore
Quiz From the Vault
Featured Blog Post
15 Basketball Trivia Facts You Can Be March Mad About
hide this ad
You Might Also Like...
Tags
Pokémon Quiz
attack
gen
tms
Write
Yes
Today's Top Quizzes in Gaming
Browse Gaming
hide this ad
Today's Top Quizzes in Pokémon
Browse Pokémon
Top Contributed Quizzes in Gaming
1
Pokémon Gen IV Logic Puzzle (HARD)
2
Rainbow Six Siege Operators by Picture
3
Genshin Impact Logic Puzzle
4
HARD Pokemon Logic Puzzle
5
Magic: the Gathering Set Symbols - LCI
6
The Slinky Quiz
7
Mega Man or Metal Gear
8
Persona 4 & 5 Social Link / Confidant Minefield
9
Honkai: Star Rail Technique Names Quiz
10
Order Genshin Impact characters by release date!
Explore More
Trending Topics
Crossword
Marvel
Harry Potter
Disney
Anime
Kpop
NBA
Song
Puzzle
NFL
Pokémon
Country
The Office
WWE
Soccer
hide this ad
More By:
theredradish
Quiz
Plays
Rating
Category
Featured
Created
30 Second Math II
108,583
4.18
Science
Jan 25, 2013
Broadway Musicals en Español
76,330
4.39
Entertainment
Jul 28, 2010
Pokemon Characters Logic Puzzle
10,559
3.20
Just For Fun
Jan 14, 2013
Match Pokemon to Moves (Gen. 1)
9,525
4.58
Gaming
Jun 20, 2011
Most Common Pokemon by Trainer Class (R/B)
6,779
4.58
Gaming
Jul 14, 2010
Go to Creator's Profile
Score Distribution
Quiz Creator Spotlight
theredradish
Follow
Send a Message
Quizzes Created
-
Created Quiz Play Count
-
More By This Creator
Popular Quizzes Today
1
Countries of Asia Without Outlines Minefield
2
Find the US States - No Outlines Minefield
3
Pick 6: Fruits
4
The Countries of the World
5
Find the Countries of Europe - No Outlines Minefield
6
Alphabetical 'K' Countries by Flag Minefield
7
Find the US States
8
US States
More Gaming Quizzes
4-Letter Pokémon
Published
Trending Quizzes
Pick 6: Mountains
Pick 6: Harry Potter
Pick 6: NFL Teams
Pick 6: Flags
C Names for Actors
Recently Updated
Adaptations: Name the Title
pecheneg
NWSL Teams
pecheneg
Women's Final Four Teams by Year
bhenderson79
Presidents Quartet II
eogle
Anything But Clue(do)
eogle
Anything But Oceanian Capitals
eogle
Anything But 7
eogle
Anything But Thing
eogle
Word Ladder: February 29
pecheneg
Song Title Questions
pecheneg
Trending Topics
Disney
NBA
Crossword
Harry Potter
Marvel
Kpop
Anime
Country
NFL
Puzzle
Song
The Office
WWE
Soccer
Pokémon
Your Account Isn't Verified!
In order to create a playlist on Sporcle, you need to verify the email address you used during registration. Go to your
Sporcle Settings
to finish the process.
Report this User
Report this user for behavior that violates our
Community Guidelines
.
Details:
Send Report
Go to the Sporcle.com Mobile Site →
Comments